Obres fetes en lahor de la seraphica senta Catherina [de] Sena en lo seu sagrat monestir de les monges de la insigne ciutat de Valencia per diuersos trobadors narrades lo dia de sent Miquel del any MDXI. (Registro nro. 160859)

Detalles MARC
000 -LEADER
campo de control de longitud fija 00869nam a22001815i 4500
001 - NÚMERO DE CONTROL
campo de control 160859
003 - IDENTIFICADOR DE NÚMERO DE CONTROL
campo de control ES-MaACL
005 - FECHA Y HORA DE LA ÚLTIMA TRANSACCIÓN
campo de control 20230906212136.0
008 - DATOS DE LONGITUD FIJA--INFORMACIÓN GENERAL
campo de control de longitud fija 000207s1880 sp a |||| | spa d
040 ## - FUENTE DE CATALOGACIÓN
Centro catalogador/agencia de origen CCPB | B
Lengua de catalogación spa
Centro/agencia transcriptor CCPB | B
245 00 - MENCIÓN DEL TÍTULO
Título Obres fetes en lahor de la seraphica senta Catherina [de] Sena en lo seu sagrat monestir de les monges de la insigne ciutat de Valencia per diuersos trobadors narrades lo dia de sent Miquel del any MDXI.
260 ## - PUBLICACIÓN, DISTRIBUCIÓN, ETC.
Lugar de publicación, distribución, etc. [S.l. :
Nombre del editor, distribuidor, etc. s.n.,
Fecha de publicación, distribución, etc. s.a.]
300 ## - DESCRIPCIÓN FÍSICA
Extensión [20] h. :
Otras características físicas il. ;
Dimensiones 22 cm.
595 #1 -
-- Reproducción facsímil fotolitografiada de la original de "Valencia : Joan Jofre, 1511", por Sancho Rayón.
596 #1 - NOTA AL PIE DE IMPRENTA
NOTA AL PIE DE IMPRENTA Victor Infantes, nº III, en sus "Cuadernos de Bibliofilia" lo data al igual Palau, nº 198055 ca. 1880.
599 #1 - NOTA A LAS ILUSTRACIONES
NOTA A LAS ILUSTRACIONES Las ilustraciones son xilográficas.
852 ## - LOCALIZACIÓN
Ubicación ES-MaACL
Número de control de estantería G-15225
Nota libre -- Rúst.
Existencias
Estatus retirado Estado de pérdida Estado de daño No para préstamo Biblioteca de origen Biblioteca actual Ubicación en estantería Fecha de adquisición Fuente de adquisición Total de préstamos Signatura topográfica completa Código de barras Visto por última vez Precio de reemplazo Tipo de ítem Koha
        Biblioteca del Ateneo de Madrid Biblioteca del Ateneo de Madrid Sala Pecera Planta 3 17/01/2008     G-15225 1168457 23/02/2023 23/02/2023 Libro impreso